|
|
|
|
| LEADER |
00000cas a2200000 a 4500 |
| 001 |
vtls011612046 |
| 003 |
SK-MaSNL |
| 005 |
20260228164435.0 |
| 008 |
170217c20169999xo x n 0 b0slo |
| 022 |
|
|
|a 2453-9848
|
| 040 |
|
|
|a SNK
|b slo
|c SNK
|e AACR2
|
| 041 |
0 |
|
|a slo
|a hun
|
| 043 |
|
|
|a e-xo---
|
| 044 |
|
|
|a xo
|c SK
|
| 072 |
|
7 |
|a 352/354
|x Stupne miestnej, oblastnej a ústrednej správy
|2 konspekt
|
| 072 |
|
7 |
|a 316.7
|x Sociológia kultúry. Kultúrny život
|2 konspekt
|
| 072 |
|
7 |
|a 394
|x Verejný a spoločenský život. Každodenný život
|2 konspekt
|
| 080 |
|
|
|a 353.9
|2 2011
|
| 080 |
|
|
|a 316.728
|2 2011
|
| 080 |
|
|
|a 394
|2 2011
|
| 080 |
|
|
|a 050
|2 2011
|
| 080 |
|
|
|a (051)+(054)
|2 2011
|
| 080 |
|
|
|a (437.612)
|2 2011
|
| 210 |
0 |
|
|a Nov.Vojkovčanov
|
| 222 |
|
0 |
|a Noviny pre Vojkovčanov
|
| 245 |
0 |
0 |
|a Noviny pre Vojkovčanov
|
| 246 |
1 |
1 |
|a Vajkai újság
|
| 260 |
|
|
|a Vojka nad Dunajom
|b Obecná samospráva Vojka nad Dunajom
|c 2016-
|
| 300 |
|
|
|a zv.
|c 30 cm
|
| 310 |
|
|
|a Občasník
|b 2/2019-
|
| 321 |
|
|
|a 4x ročne
|b 2016-1/2019
|
| 500 |
|
|
|a Noviny vychádzajú spolu s titulom Vajkai újság ako zvratmo tlačený text v maďarčine
|
| 500 |
|
|
|a Registračné č.: EV 5441/16
|
| 650 |
0 |
7 |
|a územná samospráva
|2 SNKPH
|9 802
|
| 650 |
0 |
7 |
|a každodenný život
|2 SNKPH
|9 4946
|
| 651 |
|
7 |
|a Vojka nad Dunajom (Slovensko)
|2 SNKPHgeo
|9 79822
|
| 655 |
|
7 |
|a miestne periodiká
|2 SNKPH
|9 160938
|
| 910 |
|
|
|a snk
|
| 999 |
|
|
|c 13622
|d 15552
|
| 952 |
|
|
|0 0
|1 0
|3 -spolu zviazané r. 2016-2020
|4 0
|7 0
|8 0
|a SNK
|b SNK
|d 2021-10-07
|i snk2021/14799
|l 0
|o snkČSB 7705/1/2016/1
|p 17A1461070
|r 2026-02-21 19:29:15
|t č. 1
|w 2026-02-21
|y PREZ
|z 1. časť = titul Noviny pre Vojkovčanov ; -spolu zviazané r. 2016-2020
|
| 952 |
|
|
|0 0
|1 0
|3 -spolu zviazané r. 2016-2020
|4 0
|7 0
|8 0
|a SNK
|b SNK
|d 2021-10-07
|i snk2021/14800
|l 0
|o snkČSB 7705/1/2016/2
|p 17A1461071
|r 2026-02-21 19:29:15
|t sz. 1
|w 2026-02-21
|y PREZ
|z 2. časť = titul Vajkai Újság ; -spolu zviazané r. 2016-2020
|
| 952 |
|
|
|0 0
|1 0
|3 -spolu zviazané r. 2016-2020
|4 0
|7 0
|8 0
|a SNK
|b SNK
|d 2021-10-07
|i snk2021/14799
|l 0
|o snkČSB 7705/2/2017/1
|p 17A1461072
|r 2026-02-21 19:29:17
|t č. 1-3
|w 2026-02-21
|y PREZ
|z 1. časť = titul Noviny pre Vojkovčanov ; -spolu zviazané r. 2016-2020 ;
|
| 952 |
|
|
|0 0
|1 0
|3 -spolu zviazané r. 2016-2020
|4 0
|7 0
|8 0
|a SNK
|b SNK
|d 2021-10-07
|i snk2021/14800
|l 0
|o snkČSB 7705/2/2017/2
|p 17A1461073
|r 2026-02-21 19:29:17
|t sz. 1-3
|w 2026-02-21
|y PREZ
|z 2. časť = titul Vajkai Újság ; -spolu zviazané r. 2016-2020
|
| 952 |
|
|
|0 0
|1 0
|3 -spolu zviazané r. 2016-2020
|4 0
|7 0
|8 0
|a SNK
|b SNK
|d 2021-10-07
|i snk2021/14799
|l 0
|o snkČSB 7705/3/2018/1
|p 17A1461074
|r 2026-02-21 19:29:17
|t č. 1-2
|w 2026-02-21
|y PREZ
|z 1. časť = titul Noviny pre Vojkovčanov ; -spolu zviazané r. 2016-2020 ;
|
| 952 |
|
|
|0 0
|1 0
|3 -spolu zviazané r. 2016-2020
|4 0
|7 0
|8 0
|a SNK
|b SNK
|d 2021-10-07
|i snk2021/14800
|l 0
|o snkČSB 7705/3/2018/2
|p 17A1461075
|r 2026-02-21 19:29:17
|t sz. 1-2
|w 2026-02-21
|y PREZ
|z 2. časť = titul Vajkai Újság ; -spolu zviazané r. 2016-2020
|
| 952 |
|
|
|0 0
|1 0
|3 -spolu zviazané r. 2016-2020
|4 0
|7 0
|8 0
|a SNK
|b SNK
|d 2021-10-07
|i snk2021/14799
|l 0
|o snkČSB 7705/4/2019/1
|p 17A1461076
|r 2026-02-21 19:29:17
|t č. 1-2
|w 2026-02-21
|y PREZ
|z 1. časť = titul Noviny pre Vojkovčanov ; -spolu zviazané r. 2016-2020
|
| 952 |
|
|
|0 0
|1 0
|3 -spolu zviazané r. 2016-2020
|4 0
|7 0
|8 0
|a SNK
|b SNK
|d 2021-10-07
|i snk2021/14800
|l 0
|o snkČSB 7705/4/2019/2
|p 17A1461077
|r 2026-02-21 19:29:17
|t sz. 1-2
|w 2026-02-21
|y PREZ
|z 2. časť = titul Vajkai Újság ; -spolu zviazané r. 2016-2020
|
| 952 |
|
|
|0 0
|1 0
|3 -spolu zviazané r. 2016-2020
|4 0
|7 0
|8 0
|a SNK
|b SNK
|d 2021-10-07
|i snk2021/14799
|l 0
|o snkČSB 7705/5/2020/1
|p 17A1461078
|r 2026-02-21 19:29:17
|t č. 1-2
|w 2026-02-21
|y PREZ
|z 1. časť = titul Noviny pre Vojkovčanov ; -spolu zviazané r. 2016-2020
|
| 952 |
|
|
|0 0
|1 0
|3 -spolu zviazané r. 2016-2020
|4 0
|7 0
|8 0
|a SNK
|b SNK
|d 2021-10-07
|i snk2021/14800
|l 0
|o snkČSB 7705/5/2020/2
|p 17A1461079
|r 2026-02-21 19:29:17
|t sz. 1-2
|w 2026-02-21
|y PREZ
|z 2. časť = titul Vajkai Újság ; -spolu zviazané r. 2016-2020
|